[Event "Ramonville-Montpellier Diagonale"]
[Site "Saint Affrique"]
[Date "2007.11.24"]
[Round "2.4"]
[White "Serreau, David"]
[Black "Constantin, David"]
[Result "0-1"]
[WhiteElo "2181"]
[BlackElo "2082"]
[PlyCount "86"]
[EventDate "2007.11.24"]
[WhiteTeam "La Diagonale du Sud Montpellier"]
[BlackTeam "Ramonville"]

1. Nf3 d5 2. c4 c6 3. g3 Nf6 4. Bg2 e6 5. O-O Nbd7 6. d4 Bd6 7. Nbd2 O-O 8. b3
Qe7 9. Qc2 Re8 10. Bb2 e5 11. e4 dxe4 12. Nxe4 Nxe4 13. Qxe4 Nf6 14. Qh4 Ng4
15. Qxe7 Rxe7 16. dxe5 Nxe5 17. Nxe5 Bxe5 18. Rfe1 Bd6 19. Rxe7 Bxe7 20. Re1
Be6 21. Bd4 Rd8 22. Bxa7 Ra8 23. Bd4 Rxa2 24. f4 Bb4 25. Re4 Kf8 26. h3 Rd2 27.
Bf2 Bf5 28. Re5 Bc2 29. Be1 Rd1 30. Kf2 Bxe1+ 31. Rxe1 Rxe1 32. Kxe1 Bxb3 33.
Bf1 Ke7 34. Kd2 Kd6 35. Be2 Kc5 36. Kc3 Ba2 37. Bd3 h6 38. g4 b5 39. cxb5 cxb5
40. h4 b4+ 41. Kb2 Bc4 42. Bc2 Kd4 43. g5 f6 0-1

[Event "Ramonville-Montpellier Diagonale"]
[Site "Saint Affrique"]
[Date "2007.11.24"]
[Round "2.5"]
[White "Huchet, Francois"]
[Black "Guerin, Gilles"]
[Result "0-1"]
[WhiteElo "2120"]
[BlackElo "2244"]
[PlyCount "76"]
[EventDate "2007.11.24"]
[WhiteTeam "Ramonville"]
[BlackTeam "La Diagonale du Sud Montpellier"]

1. e4 e5 2. Nf3 d6 3. d4 Nf6 4. Nc3 Nbd7 5. Bc4 Be7 6. O-O O-O 7. Qe2 c6 8. a4
a5 9. Rd1 Qc7 10. h3 exd4 11. Nxd4 Ne5 12. Bb3 b6 13. Bg5 h6 14. Bf4 Ba6 15.
Qe3 Rfe8 16. Nf5 Bf8 17. Qg3 Kh7 18. Rxd6 Nh5 19. Bxe5 Nxg3 20. Rxh6+ gxh6 21.
Bxc7 Nxe4 22. Nxe4 Rxe4 23. Bxb6 Re5 24. Ne3 Kg6 25. Nc4 Bxc4 26. Bxc4 Bc5 27.
Bc7 Re7 28. Bd3+ Kg7 29. Bf4 Bd4 30. Rb1 Rb7 31. c3 Bf6 32. Be4 Rb3 33. Bxc6
Rd8 34. Be4 Bxc3 35. Bc7 Rc8 36. Bd5 Rxb2 37. Rxb2 Bxb2 38. Bxa5 Rc5 0-1

[Event "Ramonville-Montpellier Diagonale"]
[Site "Saint Affrique"]
[Date "2007.11.24"]
[Round "2.6"]
[White "Vaklinov, Vasil"]
[Black "Bolon, Karelle"]
[Result "0-1"]
[WhiteElo "2181"]
[BlackElo "2103"]
[PlyCount "62"]
[EventDate "2007.11.24"]
[WhiteTeam "La Diagonale du Sud Montpellier"]
[BlackTeam "Ramonville"]

1. e4 c5 2. Nf3 e6 3. d4 cxd4 4. Nxd4 a6 5. Nc3 Qc7 6. g3 Nf6 7. Bg2 d6 8. O-O
Bd7 9. f4 Nc6 10. Be3 Rc8 11. Nxc6 Bxc6 12. a4 Be7 13. g4 h5 14. gxh5 Rxh5 15.
Qe2 Rh4 16. h3 Qa5 17. Qf2 Qh5 18. Qg3 Nxe4 19. Nxe4 Bxe4 20. c3 d5 21. Rae1
Qg6 22. Qxg6 Bxg6 23. Bd4 Bf5 24. Kh2 Kd7 25. Rf2 Bd6 26. Be5 Bc5 27. Rd2 f6
28. Kg3 Rch8 29. Bd4 Bd6 30. Be3 g5 31. Rf1 Bxh3 0-1

[Event "Ramonville-Montpellier Diagonale"]
[Site "Saint Affrique"]
[Date "2007.11.24"]
[Round "2.7"]
[White "Iwanesko, Alexandre"]
[Black "Piquemal, Christiane"]
[Result "1/2-1/2"]
[WhiteElo "2012"]
[BlackElo "2083"]
[PlyCount "91"]
[EventDate "2007.11.24"]
[WhiteTeam "Ramonville"]
[BlackTeam "La Diagonale du Sud Montpellier"]

1. e4 c5 2. Nf3 d6 3. c3 Nf6 4. h3 Nc6 5. Bd3 e6 6. O-O Be7 7. Re1 b6 8. Bc2
Bb7 9. d4 O-O 10. Nbd2 Qc7 11. a3 Rac8 12. Bd3 Rfd8 13. Nf1 Na5 14. Ng3 c4 15.
Bc2 h6 16. Nd2 Bf8 17. Rb1 a6 18. b4 cxb3 19. Nxb3 Nxb3 20. Rxb3 b5 21. Bd2 Qc6
22. Qb1 Rb8 23. Bd3 Nd7 24. Rc1 Nb6 25. a4 Nc4 26. axb5 axb5 27. Be3 Ba8 28.
Bxc4 Qxc4 29. Rb4 Qc7 30. Rxb5 Rxb5 31. Qxb5 Rb8 32. Qe2 d5 33. exd5 exd5 34.
Qg4 Rb6 35. Bf4 Qc4 36. Nf5 Rg6 37. Qd1 Bb7 38. Ne3 Qc8 39. Qf3 Rf6 40. Qg3 Rg6
41. Qf3 Rf6 42. Ng4 Rb6 43. Qg3 Rg6 44. Qf3 Rb6 45. Qg3 Rg6 46. Qf3 1/2-1/2

[Event "Ramonville-Montpellier Diagonale"]
[Site "Saint Affrique"]
[Date "2007.11.24"]
[Round "2.8"]
[White "Louche, Herve"]
[Black "Galby, Vassili"]
[Result "0-1"]
[WhiteElo "1804"]
[BlackElo "2058"]
[PlyCount "180"]
[EventDate "2007.11.24"]
[WhiteTeam "La Diagonale du Sud Montpellier"]
[BlackTeam "Ramonville"]

1. e4 c5 2. Nf3 Nc6 3. Bb5 g6 4. O-O Bg7 5. c3 Nf6 6. e5 Nd5 7. d4 cxd4 8. cxd4
O-O 9. Re1 Nc7 10. Bc4 d6 11. d5 Nxe5 12. Nxe5 dxe5 13. Nc3 e6 14. d6 Ne8 15.
Ne4 b6 16. Bg5 f6 17. Be3 f5 18. Ng5 Rf6 19. Qb3 Qxd6 20. Rad1 Qe7 21. Bd2 Nc7
22. Bb4 Qe8 23. Rxe5 b5 24. Bd5 Nxd5 25. Rdxd5 h6 26. Nf3 Rf7 27. Re1 Bb7 28.
Rxe6 Qc8 29. Rdd6 Qc1+ 30. Re1 Qxb2 31. Qxb2 Bxb2 32. Rxg6+ Rg7 33. Rxg7+ Bxg7
34. Nh4 a5 35. Bd2 Be4 36. g4 Bd5 37. a3 fxg4 38. Nf5 Bf3 39. Re7 Bf8 40. Nxh6+
Bxh6 41. Bxh6 b4 42. Rg7+ Kh8 43. axb4 Ra6 44. bxa5 Rxh6 45. Rc7 Rh5 46. a6 Ra5
47. h3 Ra1+ 48. Kh2 Rh1+ 49. Kg3 Rxh3+ 50. Kf4 Rh5 51. a7 Ra5 52. Rc8+ Kg7 53.
a8=Q Bxa8 54. Kxg4 Bd5 55. Rc7+ Kg6 56. Kf4 Kf6 57. Rh7 Ra4+ 58. Ke3 Re4+ 59.
Kd3 Rf4 60. Ke3 Re4+ 61. Kd3 Ra4 62. Ke3 Be4 63. Rh8 Bf5 64. Rf8+ Ke5 65. f4+
Ke6 66. Re8+ Kd6 67. Re5 Ra3+ 68. Kf2 Be6 69. Re3 Ra2+ 70. Kg3 Bd5 71. Re5 Rg2+
72. Kh3 Rg1 73. Kh2 Rg4 74. Re1 Rxf4 75. Kg3 Rf8 76. Ra1 Ke5 77. Ra7 Rg8+ 78.
Kf2 Kf4 79. Ke2 Be4 80. Rf7+ Ke5 81. Re7+ Kd4 82. Rd7+ Bd5 83. Kf2 Rg2+ 84. Kf1
Ra2 85. Kg1 Rd2 86. Ra7 Ke3 87. Ra3+ Kf4 88. Rc3 Bf3 89. Rc8 Kg3 90. Rc1 Rh2
0-1

[Event "Saint Affrique-L'Isle sur la Sorgue"]
[Site "Saint Affrique"]
[Date "2007.11.24"]
[Round "2.1"]
[White "Georgiev, Krum"]
[Black "Dimitrov, Christo"]
[Result "1-0"]
[WhiteElo "2488"]
[BlackElo "2269"]
[PlyCount "71"]
[EventDate "2007.11.24"]
[WhiteTeam "Saint Affrique"]
[BlackTeam "L'Isle sur la Sorgue"]

1. e4 c5 2. Nf3 d6 3. d4 cxd4 4. Qxd4 Nc6 5. Bb5 e5 6. Qd3 Be7 7. Nc3 Nf6 8.
Bg5 O-O 9. O-O Be6 10. Rfd1 Ne8 11. Bxe7 Qxe7 12. Bc4 Rc8 13. Bb3 Na5 14. Nd2
a6 15. Nf1 Nc4 16. Bxc4 Bxc4 17. Qd2 Bxf1 18. Kxf1 f5 19. exf5 Rxf5 20. Kg1 Qf7
21. Qe2 Qg6 22. Rd3 Rf7 23. Rad1 Rc6 24. Ne4 h6 25. a4 Rf4 26. f3 Rf7 27. b3
Rfc7 28. c4 Re7 29. Qd2 Re6 30. a5 Nf6 31. Nxd6 e4 32. fxe4 Ng4 33. Rd5 Qf6 34.
h3 Ne5 35. c5 Qh4 36. Rf1 1-0

[Event "Saint Affrique-L'Isle sur la Sorgue"]
[Site "Saint Affrique"]
[Date "2007.11.24"]
[Round "2.2"]
[White "Weill, Roland"]
[Black "Djingarova, Emilia"]
[Result "1/2-1/2"]
[WhiteElo "2220"]
[BlackElo "2296"]
[PlyCount "80"]
[EventDate "2007.11.24"]
[WhiteTeam "L'Isle sur la Sorgue"]
[BlackTeam "Saint Affrique"]

1. e4 c5 2. Nf3 e6 3. d3 Nc6 4. Nbd2 Nge7 5. g3 d6 6. Bg2 g6 7. O-O Bg7 8. Re1
O-O 9. c3 e5 10. a3 h6 11. b4 a6 12. Nb3 b6 13. d4 exd4 14. cxd4 c4 15. Nbd2
Nxd4 16. Nxd4 Bxd4 17. Rb1 c3 18. Nc4 Bg7 19. Be3 Be6 20. Nxb6 Rb8 21. Nd5 Nxd5
22. exd5 Bf5 23. Rc1 Re8 24. Qa4 c2 25. Qxa6 Bc3 26. Re2 Bb2 27. Rcxc2 Bxc2 28.
Rxc2 Ra8 29. Qc6 Bxa3 30. b5 Qf6 31. h4 Qf5 32. Re2 Rac8 33. Qb7 Rb8 34. Qa7
Bb4 35. Bxh6 Bc5 36. Qa1 Re5 37. Rxe5 dxe5 38. Qf1 Kh7 39. Be3 Bxe3 40. fxe3
Qd7 1/2-1/2

[Event "Saint Affrique-L'Isle sur la Sorgue"]
[Site "Saint Affrique"]
[Date "2007.11.24"]
[Round "2.3"]
[White "Boyd, Stephen"]
[Black "Morice, Ludovic"]
[Result "1/2-1/2"]
[WhiteElo "2333"]
[BlackElo "2067"]
[PlyCount "41"]
[EventDate "2007.11.24"]
[WhiteTeam "Saint Affrique"]
[BlackTeam "L'Isle sur la Sorgue"]

1. c4 e5 2. g3 Nc6 3. Bg2 g6 4. Nc3 Bg7 5. Rb1 d6 6. b4 Nf6 7. b5 Ne7 8. Nf3
O-O 9. O-O Bf5 10. d3 Qc8 11. e4 Bg4 12. Nd5 Nexd5 13. cxd5 c5 14. dxc6 bxc6
15. a4 cxb5 16. axb5 Rb8 17. Be3 Bd7 18. Qa4 a6 19. Qxa6 Bxb5 20. Qxc8 Rfxc8
21. Rb3 1/2-1/2

[Event "Saint Affrique-L'Isle sur la Sorgue"]
[Site "Saint Affrique"]
[Date "2007.11.24"]
[Round "2.4"]
[White "Vanderbeeken, Mikael"]
[Black "Laclau, Daniel"]
[Result "1/2-1/2"]
[WhiteElo "2106"]
[BlackElo "2261"]
[PlyCount "49"]
[EventDate "2007.11.24"]
[WhiteTeam "L'Isle sur la Sorgue"]
[BlackTeam "Saint Affrique"]

1. e4 c5 2. Nf3 e6 3. d4 cxd4 4. Nxd4 a6 5. Bd3 Bc5 6. Nb3 Ba7 7. Qg4 Nf6 8.
Qh4 Nc6 9. Bf4 d6 10. O-O O-O 11. N1d2 Ne5 12. Bxe5 dxe5 13. Nc4 Qc7 14. Qg5
Nxe4 15. Qxe5 Qxe5 16. Nxe5 Nc5 17. Rad1 Na4 18. Be4 f6 19. Nc4 Rb8 20. Rb1 Nc5
21. Nxc5 Bxc5 22. Rfd1 e5 23. Nd6 g6 24. Nxc8 Rfxc8 25. Rd7 1/2-1/2

[Event "Saint Affrique-L'Isle sur la Sorgue"]
[Site "Saint Affrique"]
[Date "2007.11.24"]
[Round "2.5"]
[White "Leygue, Dominique"]
[Black "Lallement, Victor"]
[Result "1-0"]
[WhiteElo "2321"]
[BlackElo "2074"]
[PlyCount "61"]
[EventDate "2007.11.24"]
[WhiteTeam "Saint Affrique"]
[BlackTeam "L'Isle sur la Sorgue"]

1. e4 c5 2. Nf3 d6 3. d4 cxd4 4. Nxd4 Nf6 5. Nc3 a6 6. Bg5 e6 7. f4 Nbd7 8. Qf3
Qc7 9. O-O-O b5 10. e5 Bb7 11. Qh3 dxe5 12. Nxe6 fxe6 13. Qxe6+ Be7 14. Nxb5
axb5 15. Bxb5 Bd5 16. Qxe5 Qxe5 17. fxe5 O-O-O 18. exf6 Nxf6 19. Rhe1 Bd6 20.
Re3 Bxg2 21. Rc3+ Bc7 22. Rg1 Nd5 23. Ba6+ Kb8 24. Rb3+ Ka7 25. Rxg2 Bf4+ 26.
Bxf4 Nxf4 27. Rg4 Rd4 28. Ra3 g6 29. c3 h5 30. Rg5 Rdd8 31. Rb5 1-0

[Event "Saint Affrique-L'Isle sur la Sorgue"]
[Site "Saint Affrique"]
[Date "2007.11.24"]
[Round "2.6"]
[White "Sibirko, Ivan"]
[Black "Chaplin, Erik"]
[Result "0-1"]
[WhiteElo "2066"]
[BlackElo "2116"]
[PlyCount "52"]
[EventDate "2007.11.24"]
[WhiteTeam "L'Isle sur la Sorgue"]
[BlackTeam "Saint Affrique"]

1. d4 Nf6 2. c4 e6 3. Nf3 Bb4+ 4. Nbd2 d6 5. Qc2 Nbd7 6. a3 Bxd2+ 7. Bxd2 e5 8.
e4 exd4 9. Nxd4 Nc5 10. Bd3 Ng4 11. O-O c6 12. Rad1 Qf6 13. Nf3 Ne5 14. Nxe5
dxe5 15. Bc3 Ne6 16. b4 Nf4 17. Rfe1 Nxg2 18. Bf1 Nxe1 19. Rxe1 O-O 20. Re3 Qf4
21. Qb2 f6 22. Bg2 Be6 23. Bd2 Rad8 24. Rd3 Rxd3 25. Bxf4 Rd1+ 26. Bf1 Bh3 0-1

[Event "Saint Affrique-L'Isle sur la Sorgue"]
[Site "Saint Affrique"]
[Date "2007.11.24"]
[Round "2.8"]
[White "Khelif, Jihane"]
[Black "Vignette, Jeanne"]
[Result "1-0"]
[WhiteElo "1790"]
[BlackElo "1610"]
[PlyCount "59"]
[EventDate "2007.11.24"]
[WhiteTeam "L'Isle sur la Sorgue"]
[BlackTeam "Saint Affrique"]

1. e4 e5 2. Nf3 Nc6 3. d4 exd4 4. Nxd4 Qh4 5. Nb5 Qxe4+ 6. Qe2 Qxe2+ 7. Bxe2
Kd8 8. Bf4 d6 9. c4 a6 10. N5c3 Nf6 11. Nd2 g6 12. O-O-O Bg7 13. Bg5 h6 14. Bh4
g5 15. Bg3 Bf5 16. c5 Nd4 17. cxd6 cxd6 18. Nc4 Nxe2+ 19. Nxe2 d5 20. Nb6 Rb8
21. Bxb8 Ke7 22. Be5 Ke6 23. Bxf6 Bxf6 24. Rhe1 Be5 25. Nd4+ Kf6 26. Nxd5+ Kg6
27. Rxe5 Rc8+ 28. Kd2 Bd7 29. Nb6 Rc7 30. Re7 1-0

[Event "Vitrolles-Chamalières"]
[Site "Saint Affrique"]
[Date "2007.11.24"]
[Round "2.1"]
[White "Abello, Sebastien"]
[Black "Etchegaray, Patrice"]
[Result "1/2-1/2"]
[WhiteElo "2273"]
[BlackElo "2368"]
[PlyCount "65"]
[EventDate "2007.11.24"]
[WhiteTeam "Vitrolles"]
[BlackTeam "ChamaliÃ¨res"]

1. d4 Nf6 2. c4 e6 3. Nc3 Bb4 4. e3 b6 5. Nge2 Ba6 6. a3 Bxc3+ 7. Nxc3 d5 8.
Qf3 O-O 9. g4 c6 10. b3 Re8 11. Bb2 dxc4 12. bxc4 e5 13. g5 Nfd7 14. Ne4 exd4
15. Bxd4 Ne5 16. Qg3 Ng6 17. Nd6 Re6 18. Nf5 Ne7 19. Nxe7+ Qxe7 20. Bh3 Rg6 21.
Rg1 c5 22. Bc3 Nc6 23. Bf5 Nd4 24. Bxd4 cxd4 25. Bxg6 hxg6 26. Rd1 Rd8 27. Qh4
Qxa3 28. Rg3 Bxc4 29. Rh3 Qc3+ 30. Rd2 Qc1+ 31. Rd1 Qc3+ 32. Rd2 Qc1+ 33. Rd1
1/2-1/2

[Event "Vitrolles-Chamalières"]
[Site "Saint Affrique"]
[Date "2007.11.24"]
[Round "2.2"]
[White "Robin, Samy"]
[Black "Gaudineau, Eric"]
[Result "1/2-1/2"]
[WhiteElo "2355"]
[BlackElo "2335"]
[PlyCount "128"]
[EventDate "2007.11.24"]
[WhiteTeam "ChamaliÃ¨res"]
[BlackTeam "Vitrolles"]

1. e4 e5 2. Nf3 Nc6 3. Nc3 Nf6 4. d4 Bb4 5. d5 Nb8 6. Bd3 Bxc3+ 7. bxc3 d6 8.
h3 Nbd7 9. Be3 O-O 10. Nd2 b6 11. g4 Nc5 12. Bg5 c6 13. c4 cxd5 14. cxd5 Nxd3+
15. cxd3 Ba6 16. Qf3 Rc8 17. Nf1 h6 18. Bxf6 Qxf6 19. Qxf6 gxf6 20. Kd2 Rc5 21.
Ng3 Rfc8 22. Rhc1 Rxc1 23. Rxc1 Rxc1 24. Kxc1 Bxd3 25. Kd2 Bb1 26. a3 f5 27.
gxf5 f6 28. f3 Ba2 29. Nh5 Kf7 30. f4 exf4 31. Nxf4 Bc4 32. Kc3 Bf1 33. h4 Ke7
34. Ne6 Kd7 35. Kd4 Bb5 36. Ke3 Bc4 37. Nd4 a6 38. Nf3 Bf1 39. Kf2 Bd3 40. Ke3
Bc2 41. Nd4 Bb1 42. Nc6 a5 43. Nd4 Ke8 44. Nb5 Ke7 45. Nc3 Bc2 46. Kd2 Bb3 47.
Kd3 Kd7 48. Kd2 Ke7 49. Ne2 Bc4 50. Nd4 Bf1 51. Nc2 Bg2 52. Kd3 Kd7 53. Ke3 Bf1
54. Nd4 Bc4 55. Nf3 Bf1 56. Nh2 Bh3 57. Kf3 b5 58. Ke3 Kc7 59. Kd4 Kb6 60. Nf3
Bg2 61. Nd2 a4 62. Nb1 Ka5 63. Nd2 Kb6 64. Nb1 Ka5 1/2-1/2

[Event "Vitrolles-Chamalières"]
[Site "Saint Affrique"]
[Date "2007.11.24"]
[Round "2.3"]
[White "Midoux, Sebastien"]
[Black "Sandu, Mihaela"]
[Result "0-1"]
[WhiteElo "2349"]
[BlackElo "2266"]
[PlyCount "100"]
[EventDate "2007.11.24"]
[WhiteTeam "Vitrolles"]
[BlackTeam "ChamaliÃ¨res"]

1. d4 Nf6 2. Nf3 g6 3. c4 Bg7 4. Nc3 d6 5. Bg5 c6 6. Qd2 h6 7. Bh4 Nbd7 8. h3
g5 9. Bg3 b5 10. Qd3 b4 11. Ne4 Bb7 12. Nxf6+ Nxf6 13. e4 c5 14. d5 Nh5 15.
O-O-O Nxg3 16. fxg3 Bc8 17. g4 Rb8 18. Qb1 Qa5 19. Bd3 b3 20. a3 Qa4 21. Kd2 e6
22. Ke2 O-O 23. Rd2 Qe8 24. Kd1 Qe7 25. Re2 Qf6 26. Qc1 Qg6 27. Qd2 exd5 28.
exd5 f5 29. h4 gxh4 30. gxf5 Bxf5 31. Nxh4 Qh5 32. Bxf5 Rxf5 33. g4 Qxg4 34.
Nxf5 Qxf5 35. Kc1 Bf6 36. Rg2+ Bg5 37. Rxg5+ hxg5 38. Qe2 Rf8 39. Re1 Rf7 40.
Qe4 Qxe4 41. Rxe4 Rf4 42. Re8+ Kf7 43. Rb8 Rxc4+ 44. Kd1 Rd4+ 45. Ke2 Rxd5 46.
Rxb3 Re5+ 47. Kf3 Kf6 48. a4 Rf5+ 49. Kg3 Rf4 50. Rd3 Ke5 0-1

[Event "Vitrolles-Chamalières"]
[Site "Saint Affrique"]
[Date "2007.11.24"]
[Round "2.4"]
[White "Blanc, Sebastien"]
[Black "Diaz, Mickael"]
[Result "0-1"]
[WhiteElo "2137"]
[BlackElo "2228"]
[PlyCount "55"]
[EventDate "2007.11.24"]
[WhiteTeam "ChamaliÃ¨res"]
[BlackTeam "Vitrolles"]

1. d4 Nc6 2. Nf3 d6 3. h3 e5 4. dxe5 Nxe5 5. Nxe5 dxe5 6. Qxd8+ Kxd8 7. e3 Be6
8. a4 Nf6 9. Nd2 Nd5 10. c3 c6 11. e4 Nb6 12. a5 Nd7 13. Nc4 Kc7 14. b4 Be7 15.
Be2 b5 16. Ne3 a6 17. O-O Rhd8 18. Kh2 Nf6 19. f3 h5 20. g4 hxg4 21. hxg4 Nd7
22. Kg2 g6 23. Rb1 Rg8 24. c4 f5 25. c5 Kb7 26. Bb2 Bg5 27. Kf2 fxg4 28. Ng2 {
suite illisible} 0-1

[Event "Vitrolles-Chamalières"]
[Site "Saint Affrique"]
[Date "2007.11.24"]
[Round "2.5"]
[White "Diaz, Franck"]
[Black "Ollier, Pablo"]
[Result "1-0"]
[WhiteElo "2176"]
[BlackElo "2131"]
[PlyCount "59"]
[EventDate "2007.11.24"]
[WhiteTeam "Vitrolles"]
[BlackTeam "ChamaliÃ¨res"]

1. e4 e6 2. d4 d5 3. Nc3 Bb4 4. e5 c5 5. a3 Bxc3+ 6. bxc3 Qc7 7. Qg4 Ne7 8.
Qxg7 Rg8 9. Qxh7 cxd4 10. Kd1 Nbc6 11. Nf3 dxc3 12. Ng5 Nxe5 13. f4 Rxg5 14.
fxg5 N5g6 15. Be2 e5 16. Rf1 Be6 17. Bb5+ Nc6 18. Rf6 Nf8 19. Qd3 d4 20. g6
O-O-O 21. g7 Bg4+ 22. Ke1 Ne6 23. Qh7 Ne7 24. Rxf7 d3 25. Bxd3 Qc5 26. Qe4 Rd4
27. g8=Q+ Nxg8 28. Qxb7+ Kd8 29. Qb8+ Qc8 30. Bg5+ 1-0

[Event "Vitrolles-Chamalières"]
[Site "Saint Affrique"]
[Date "2007.11.24"]
[Round "2.6"]
[White "Lafeuille, Bernard"]
[Black "Cherki, Thomas"]
[Result "0-1"]
[WhiteElo "1922"]
[BlackElo "2208"]
[PlyCount "72"]
[EventDate "2007.11.24"]
[WhiteTeam "ChamaliÃ¨res"]
[BlackTeam "Vitrolles"]

1. c4 e5 2. g3 Nf6 3. Bg2 c6 4. d4 e4 5. Nc3 Bb4 6. Bd2 Bxc3 7. Bxc3 d5 8. cxd5
cxd5 9. e3 Nc6 10. Ne2 Bg4 11. h3 Bxe2 12. Qxe2 Qb6 13. O-O O-O 14. Kh2 a5 15.
f3 exf3 16. Rxf3 Rae8 17. Rxf6 gxf6 18. Bxd5 Ne7 19. Qg4+ Kh8 20. Be4 Rg8 21.
Qf4 Ng6 22. Bxg6 fxg6 23. d5 Rgf8 24. e4 Kg8 25. Rf1 Qb5 26. Rf2 Qd3 27. e5
fxe5 28. Qd2 Rxf2+ 29. Qxf2 Qxd5 30. Qb6 Rf8 31. Qe3 Rf1 32. g4 Qh1+ 33. Kg3 e4
34. Qe2 Rf3+ 35. Kh4 Qxh3+ 36. Kg5 h6+ 0-1

[Event "Vitrolles-Chamalières"]
[Site "Saint Affrique"]
[Date "2007.11.24"]
[Round "2.7"]
[White "Gaudineau, Gilles"]
[Black "Ollier, Milan"]
[Result "1-0"]
[WhiteElo "2051"]
[BlackElo "1863"]
[PlyCount "67"]
[EventDate "2007.11.24"]
[WhiteTeam "Vitrolles"]
[BlackTeam "ChamaliÃ¨res"]

1. e4 c5 2. c4 Nc6 3. Nf3 e5 4. Nc3 Nf6 5. d3 d6 6. Be2 Be7 7. a3 O-O 8. Rb1 a5
9. O-O Ne8 10. Ne1 Nc7 11. f4 exf4 12. Bxf4 Bg5 13. Bg3 f5 14. Nf3 f4 15. Bf2
Ne5 16. Nxe5 dxe5 17. Bxc5 Be7 18. Bf2 Bh4 19. Qe1 Bxf2+ 20. Qxf2 Ne6 21. Nb5
f3 22. Bxf3 Qxd3 23. Qe2 Qd8 24. Rbd1 Nf4 25. Qf2 Qg5 26. Qg3 Qe7 27. Kh1 Be6
28. Nd6 Rf6 29. c5 Rg6 30. Qf2 a4 31. g3 Nh3 32. Qe3 Ng5 33. Nf5 Qf7 34. Bh5
1-0

[Event "Vitrolles-Chamalières"]
[Site "Saint Affrique"]
[Date "2007.11.24"]
[Round "2.8"]
[White "Revidon, Laetitia"]
[Black "Estevez, Dorothee"]
[Result "1/2-1/2"]
[WhiteElo "1747"]
[BlackElo "1870"]
[PlyCount "73"]
[EventDate "2007.11.24"]
[WhiteTeam "ChamaliÃ¨res"]
[BlackTeam "Vitrolles"]

1. e4 c5 2. Nf3 d6 3. d4 cxd4 4. Nxd4 Nc6 5. Nc3 a6 6. Bc4 Nf6 7. f3 e6 8. Be3
Be7 9. Qd2 O-O 10. O-O-O Na5 11. Bf1 Qc7 12. Qf2 b5 13. Nxe6 Nb3+ 14. axb3 Bxe6
15. Bd3 Qc6 16. Qh4 Ng4 17. Qxe7 Nxe3 18. Rdg1 Rac8 19. Qg5 b4 20. Qxe3 bxc3
21. bxc3 Qxc3 22. Kd1 Rc5 23. Qd2 Qd4 24. Ke2 Rfc8 25. Ra1 R8c6 26. Ra5 Bc8 27.
Rha1 Qe5 28. Rxc5 dxc5 29. Qa5 g6 30. Rh1 Qg5 31. Kf2 Qh5 32. Bc4 Qg5 33. Bd5
Rd6 34. Qxc5 Qd2+ 35. Kf1 Qd1+ 36. Kf2 Qd2+ 37. Kf1 1/2-1/2

[Event "Bordeaux ASPOM-Nice"]
[Site "Saint Affrique"]
[Date "2007.11.25"]
[Round "3.1"]
[White "Favarel, Julien"]
[Black "Suarez Real, Alberto"]
[Result "1/2-1/2"]
[WhiteElo "2269"]
[BlackElo "2394"]
[PlyCount "74"]
[EventDate "2007.11.25"]
[WhiteTeam "Bordeaux A.S.P.O.M."]
[BlackTeam "Nice"]

1. d4 Nf6 2. c4 g6 3. Nc3 Bg7 4. e4 d6 5. Nf3 O-O 6. Be2 e5 7. O-O Nc6 8. d5
Ne7 9. Ne1 Nd7 10. f3 f5 11. g4 Kh8 12. Ng2 Ng8 13. Rb1 a5 14. a3 fxg4 15. fxg4
Rxf1+ 16. Kxf1 Bh6 17. b4 axb4 18. axb4 Nb6 19. Kg1 Bd7 20. Bxh6 Nxh6 21. c5
Na4 22. Nxa4 Bxa4 23. Qc1 Nf7 24. h4 Bd7 25. Qe3 g5 26. Rf1 Qe7 27. cxd6 cxd6
28. h5 Nh6 29. Qg3 Ra2 30. Rf2 Rb2 31. b5 Rb4 32. Qa3 Rb1+ 33. Kh2 Bxg4 34. Bd3
Rd1 35. Ne3 Re1 36. Ng2 Rd1 37. Ne3 Re1 1/2-1/2

[Event "Bordeaux ASPOM-Nice"]
[Site "Saint Affrique"]
[Date "2007.11.25"]
[Round "3.2"]
[White "Bujisho, Benjamin"]
[Black "Cousigne, Frederic"]
[Result "1-0"]
[WhiteElo "2373"]
[BlackElo "2209"]
[PlyCount "77"]
[EventDate "2007.11.25"]
[WhiteTeam "Nice"]
[BlackTeam "Bordeaux A.S.P.O.M."]

1. d4 e6 2. c4 f5 3. e3 Nf6 4. Bd3 d5 5. Nc3 c6 6. Nge2 Bd6 7. f3 O-O 8. Qc2
Na6 9. a3 dxc4 10. Bxc4 b5 11. Bb3 Kh8 12. O-O Rb8 13. Rd1 Qc7 14. Nf4 b4 15.
Nce2 bxa3 16. bxa3 e5 17. dxe5 Bxe5 18. Rb1 Qe7 19. Nd4 Bxd4 20. exd4 Qd6 21.
Qf2 Nc7 22. Qg3 Nfd5 23. Bd2 Bd7 24. h4 Qxa3 25. Nxd5 Nxd5 26. Bxd5 Rxb1 27.
Rxb1 cxd5 28. Rb7 Qa4 29. Bf4 Qc6 30. Be5 Rf7 31. Qg5 Kg8 32. Qd8+ Be8 33. Rb8
Rf8 34. Bd6 Qc1+ 35. Kh2 f4 36. Bxf8 Qe1 37. Qxe8 Qxh4+ 38. Kg1 Qe1+ 39. Qxe1
1-0

[Event "Bordeaux ASPOM-Nice"]
[Site "Saint Affrique"]
[Date "2007.11.25"]
[Round "3.3"]
[White "Jaureguiberry, Cedric"]
[Black "Gachet, Sebastien"]
[Result "0-1"]
[WhiteElo "2149"]
[BlackElo "2284"]
[PlyCount "118"]
[EventDate "2007.11.25"]
[WhiteTeam "Bordeaux A.S.P.O.M."]
[BlackTeam "Nice"]

1. e4 c5 2. Nf3 g6 3. d4 Bg7 4. c3 cxd4 5. cxd4 d5 6. exd5 Nf6 7. Nc3 O-O 8.
Bc4 Nbd7 9. O-O Nb6 10. Bb3 Nbxd5 11. Ne5 Be6 12. Qf3 Nxc3 13. bxc3 Bd5 14. Qe2
Bxb3 15. axb3 Qd5 16. Nc4 b5 17. Ra5 Qe4 18. Qxe4 Nxe4 19. Rxb5 Nxc3 20. Rb7
Ne2+ 21. Kh1 e6 22. Ne5 Nxd4 23. Nd7 Rfc8 24. Be3 Nf5 25. Bc5 Rc6 26. Rd1 a5
27. g4 Nh6 28. h3 f5 29. Nb8 Rc8 30. Nd7 fxg4 31. Nb6 Rd8 32. Re1 Rab8 33. Rxb8
Rxb8 34. Rxe6 gxh3 35. Kh2 Nf5 36. Re4 Rd8 37. Nc4 Rd5 38. b4 axb4 39. Bxb4 Rd3
40. Ne3 Nxe3 41. fxe3 Bh6 42. Bc5 Rd5 43. Bd4 Rh5 44. Rg4 Bf8 45. e4 Bd6+ 46.
Kh1 Rb5 47. Rg1 Bc5 48. Bxc5 Rxc5 49. Kh2 Rc3 50. e5 Re3 51. Ra1 g5 52. Ra5 Kg7
53. e6 Kg6 54. e7 g4 55. Ra7 h5 56. e8=Q+ Rxe8 57. Kg3 Re3+ 58. Kh4 h2 59. Ra1
Rh3# 0-1

[Event "Bordeaux ASPOM-Nice"]
[Site "Saint Affrique"]
[Date "2007.11.25"]
[Round "3.4"]
[White "Bes, Stephane"]
[Black "Bancel, Gerard"]
[Result "1-0"]
[WhiteElo "2134"]
[BlackElo "2124"]
[PlyCount "73"]
[EventDate "2007.11.25"]
[WhiteTeam "Nice"]
[BlackTeam "Bordeaux A.S.P.O.M."]

1. e4 c5 2. Nf3 e6 3. d4 cxd4 4. Nxd4 Nc6 5. Nb5 d6 6. c4 a6 7. N5c3 Be7 8. Na3
Nf6 9. Be2 O-O 10. O-O Bd7 11. Be3 Ne5 12. f4 Ng6 13. Qe1 Qc7 14. Qf2 Rac8 15.
Rac1 Qb8 16. Ba7 Qa8 17. Bb6 Bd8 18. Rcd1 Nxf4 19. Bxd8 Nxe2+ 20. Qxe2 Rfxd8
21. Rxd6 Bc6 22. e5 Ne8 23. Rxd8 Rxd8 24. Qf2 Rd7 25. c5 Qd8 26. Nc4 f5 27. Nd6
g5 28. b4 Nxd6 29. exd6 Qf6 30. Qd2 g4 31. a4 g3 32. hxg3 Rg7 33. b5 Bd7 34.
Rf3 Rg4 35. Rf4 Rxg3 36. Ne4 Qa1+ 37. Rf1 1-0

[Event "Bordeaux ASPOM-Nice"]
[Site "Saint Affrique"]
[Date "2007.11.25"]
[Round "3.5"]
[White "Maghrabi, Yvan"]
[Black "Oliveira, Sancho"]
[Result "1-0"]
[WhiteElo "2072"]
[BlackElo "2212"]
[PlyCount "111"]
[EventDate "2007.11.25"]
[WhiteTeam "Bordeaux A.S.P.O.M."]
[BlackTeam "Nice"]

1. e4 d6 2. d4 Nf6 3. Nc3 g6 4. g3 Bg7 5. Bg2 O-O 6. Nge2 e5 7. h3 Nc6 8. Be3
Re8 9. O-O a6 10. a4 Bd7 11. Kh2 exd4 12. Nxd4 Nxd4 13. Bxd4 Bc6 14. Qd3 Nd7
15. Bxg7 Kxg7 16. b4 b6 17. a5 b5 18. f4 f6 19. Rac1 Rc8 20. Rfd1 Ba8 21. h4
Qe7 22. Nd5 Bxd5 23. Qxd5 Nb8 24. c4 c5 25. cxb5 axb5 26. Qxd6 c4 27. Qxe7+
Rxe7 28. Rd5 Rb7 29. e5 Na6 30. exf6+ Kf8 31. Rd6 Ra7 32. Bb7 Rxb7 33. Rxa6 h5
34. Rd6 Kf7 35. Kg2 Re8 36. Kf3 Re6 37. Rxe6 Kxe6 38. Ke4 Rd7 39. Ra1 c3 40.
Rc1 Rc7 41. Kd3 Rd7+ 42. Kxc3 Kxf6 43. Ra1 Ke6 44. a6 Ra7 45. Kd4 Kd6 46. Ra3
Kc7 47. Kc5 Kb8 48. Kxb5 Rc7 49. Kb6 Rc8 50. b5 Ka8 51. Re3 g5 52. Ka5 gxf4 53.
gxf4 Rc5 54. Re5 Rc8 55. b6 Rf8 56. f5 1-0